000 00912nam a2200229Ia 4500
003 OSt
005 20220923220957.0
006 a|||||r|||| 00| 0
007 ta
008 220922b |||||||| |||| 00| 0 hin d
024 _a193,171
037 _cTextual
040 _aARTS
_cARTS
_bhin
041 _2hin
_ahin
082 _aV2:21wJ42, 152K6
100 _aअबुल फज्ल; मालवीय, लक्ष्मीकान्त, संपा.
_9164917
245 0 _aआईने अकबरी, अनु हरिवंश राय शर्मा और फिदा हुसैन खां
246 _aĀīne akabarī, anu0 harivansha rāya sharmā aur fidā husain khāan
260 _c1966
942 _hV2:21wJ42, 152K6
_cTEXL
_2CC
999 _c345662
_d345662